| 000 | 01043nam a2200313Ia 4500 | ||
|---|---|---|---|
| 001 | Z_4278 | ||
| 008 | 220601s9999 xx 000 0 und d | ||
| 020 | _a968-25-0146-6 | ||
| 082 | _a574.87 N68 1978 | ||
| 100 |
_aNavikoff, Alex B. _9141514 |
||
| 245 | _aEstructura y dinámica celular / Alex B. Navikoff y Eric Holtzman; traducción Roberto Espinoza Zarza | ||
| 250 | _a2a ed. | ||
| 260 | _aMéxico : Interamericana | ||
| 300 | _axiv, 380 p. | ||
| 500 | _aTraducción de la obra en inglés: Cells and organelles, 2a ed. de 1976 | ||
| 503 | _aej.1 - ej.3: s/n | ||
| 504 | _aIncuye bibliografía e índice | ||
| 650 |
_a1. Citología _9157660 |
||
| 650 | _aCelulas | ||
| 650 |
_aEstructuras celulares _9141511 |
||
| 650 |
_aCitoquímica _9141510 |
||
| 650 |
_aBiología celular _9139482 |
||
| 700 |
_aHoltzman, Eric, coaut. \ Espinoza Zarza, Roberto, tr.Ì _9181203 |
||
| 901 | _a574.87 N68 1978 | ||
| 902 | _aM | ||
| 905 | _a523227 1978 mx adn 9221113311spa16 | ||
| 942 | _c1 | ||
| 999 |
_c216930 _d216930 |
||